01115nam a22001697a 4500003000900000008004100009040007100050082001800121100002900139245009300168260004700261300002800308505048300336650004100819650003300860650005200893AR-CdUCM190329b ||||| |||| 00| 0 spa d aMUNICIPALIDAD PROVINCIAL DEL CUSCOcBIBLIOTECA MUNICIPAL DEL CUSCO a398.41 /bF84 aFrisancho Pineda , David aCreencias y supersticiones relacionadas con las enfermedades en el altiplano puneño /  aPuno : bTipografía "Los Andes", c1963. a66 páginas ; c22 cm. aContenido: ¿Qué son las enfermedades para los indios? -- ¿Cuánto se siente enfermo el indio? -- Porqué coge "el lugar" -- La chiflera-las chifles -- Cuando escapa el alma del cuerpo -- Daño visceral o corazón dañado -- Otros procedimientos curativos -- Los accesos y otros procesos infecciosos locales -- La sopladura del aire -- El coto (bocio endémico) -- Como curan los traumatismos óseos -- Quienes curan entre los indios -- Los rayos x de los aymaras ... aSupersticiones - Enfermedades - Ande aIndígenas - Supersticiones aEnfermedades y curaciones - Andes - Indígena